| 000 | 00591nam a2200193Ia 4500 | ||
|---|---|---|---|
| 001 | 65477 | ||
| 003 | OSt | ||
| 005 | 20160315114421.0 | ||
| 008 | 150403s9999 xx 000 0 und d | ||
| 040 | _cPK-LaUMT | ||
| 082 |
_a 613 _bKOH-N |
||
| 100 | _aKohni, Loi | ||
| 245 |
_a(نیا علم شفا بخشی)Nia ilm-e-shifa bakhshi (Urdu) _c(کوھنی، لوئی)Kohni, Loi|Sarop, Sarotaria |
||
| 260 |
_a(لاہور، پاکستان)Lahore,Pakistan: _b(مقبول اکیڈمی)Maqbool Academy, _c2010 |
||
| 300 | _a211 p. | ||
| 546 | _aUR | ||
| 700 | _aSarop, Sarotaria | ||
| 942 |
_cBK _2ddc |
||
| 999 |
_c68793 _d68793 |
||